[Event "FB22 2223 SK Lehrte - Hamburger SK II"]
[Site "?"]
[Date "2022.10.15"]
[Round "1.1"]
[White "Rogozenco, Teodora"]
[Black "Manusina, Nicole"]
[Result "0-1"]
[WhiteElo "1950"]
[BlackElo "2014"]
[PlyCount "73"]
[EventDate "2022.??.??"]

1. d4 Nf6 2. c4 g6 3. Nc3 d5 4. Bg5 Ne4 5. Bh4 Nxc3 6. bxc3 Bg7 7. e3 c5 8. Qb3 cxd4 9. exd4 dxc4 10. Bxc4 O-O 11. Nf3 Nc6 12. Qa3 Bg4 13. Nd2 Rc8 14. O-O Qd7 15. Rfe1 Rfe8 16. h3 Bf5 17. g4 Bxg4 18. hxg4 Qxg4+ 19. Bg3 Bh6 20. Be2 Qf5 21. Nc4 b5 22. Nb2 b4 23. cxb4 Nxd4 24. Qxa7 e5 25. Qb7 Bd2 26. Bd3 Nf3+ 27. Kg2 Nxe1+ 28. Rxe1 Qg5 29. Rxe5 Rxe5 30. Qxc8+ Kg7 31. Nc4 Rd5 32. Nxd2 Rxd3 33. Nf3 Qd5 34. Be5+ f6 35. Bxf6+ Kxf6 36. Qf8+ Ke6 37. Qd8 0-1

[Event "FB22 2223 SK Lehrte - Hamburger SK II"]
[Site "?"]
[Date "2022.10.15"]
[Round "1.2"]
[White "Yaghy, Ritta"]
[Black "Wulf, Constanze"]
[Result "1-0"]
[WhiteElo "2008"]
[BlackElo "1835"]
[PlyCount "113"]
[EventDate "2022.??.??"]

1. e4 d5 2. exd5 Qxd5 3. Nc3 Qd6 4. d4 Nf6 5. h3 a6 6. Bd3 Nbd7 7. Nf3 b5 8. Ne4 Qb6 9. O-O e6 10. Qe2 Be7 11. Bg5 O-O 12. Nxf6+ Bxf6 13. Bf4 Bb7 14. Rad1 c5 15. Ne5 Rad8 16. Nxd7 Rxd7 17. dxc5 Qxc5 18. Bxh7+ Kxh7 19. Rxd7 Qc6 20. Qd3+ Kg8 21. f3 Bxb2 22. Rd1 e5 23. Be3 Bd4 24. Re7 Qc5 25. Rxb7 Bxe3+ 26. Kh1 Bf4 27. Qe2 Qc6 28. Rbd7 Qg6 29. g4 Qh6 30. Kg2 Qe6 31. a3 Qa2 32. Qd3 Bg5 33. Qb3 Qxb3 34. cxb3 Rc8 35. Re1 Rc2+ 36. Kf1 Bf4 37. Ra7 Rc3 38. Kg2 Rxb3 39. Re2 Rxa3 40. Rc2 f6 41. Rcc7 Ra2+ 42. Kf1 Ra1+ 43. Ke2 Ra2+ 44. Ke1 Bh6 45. h4 Bf4 46. Rxg7+ Kh8 47. Rgd7 Ra1+ 48. Ke2 Ra2+ 49. Kd1 Ra1+ 50. Kc2 Rc1+ 51. Kb3 Rc8 52. Rxa6 Bg3 53. Rxf6 Rb8 54. g5 Kg8 55. h5 Bf4 56. h6 Rf8 57. Rg7+ 1-0

[Event "FB22 2223 SK Lehrte - Hamburger SK II"]
[Site "?"]
[Date "2022.10.15"]
[Round "1.3"]
[White "Kotyk, Valeriya"]
[Black "Wilmink, Anna"]
[Result "0-1"]
[WhiteElo "1739"]
[BlackElo "1702"]
[PlyCount "138"]
[EventDate "2022.??.??"]

1. d4 Nf6 2. c4 e6 3. Nc3 d5 4. Bg5 Be7 5. cxd5 exd5 6. Qc2 O-O 7. e3 b6 8. Bd3 h6 9. Bh4 Bb7 10. Nf3 Nbd7 11. O-O c5 12. dxc5 bxc5 13. Be2 Rc8 14. Qb3 Qb6 15. Rfd1 Ba8 16. Qxb6 axb6 17. Rac1 Bc6 18. Bb5 Bxb5 19. Nxb5 Rfd8 20. a3 c4 21. Nbd4 Bd6 22. Nf5 Bc5 23. h3 Kh7 24. Bg3 Ne4 25. Rxd5 g6 26. N5d4 Nef6 27. Re5 Nxe5 28. Bxe5 Bxd4 29. Nxd4 Nd7 30. Bd6 Nc5 31. Bxc5 Rxc5 32. Kf1 Kg7 33. Ke2 Kf6 34. Rc3 b5 35. g3 Re8 36. Kd2 Ra8 37. Nc2 Ke5 38. f3 f5 39. Ke2 g5 40. f4+ Ke4 41. Nd4 gxf4 42. Ne6 f3+ 43. Kf2 Rd5 44. Nd4 h5 45. Nxf3 Rd3 46. Ng5+ Kd5 47. Rc2 Re8 48. Re2 Kc5 49. Nf3 c3 50. bxc3 Rxc3 51. Nd4 Rxa3 52. Nxf5 Rf8 53. g4 b4 54. Rb2 Kc4 55. Ke2 Rd8 56. Nd4 b3 57. Nxb3 Rxb3 58. Rxb3 Kxb3 59. gxh5 Kc4 60. Kf3 Rg8 61. e4 Rg5 62. Kf4 Rxh5 63. Kg4 Re5 64. h4 Rxe4+ 65. Kg5 Kd5 66. h5 Ke6 67. Kg6 Rg4+ 68. Kh7 Kf7 69. Kh6 Kf6 0-1

[Event "FB22 2223 SK Lehrte - Hamburger SK II"]
[Site "?"]
[Date "2022.10.15"]
[Round "1.4"]
[White "Michalek, Barbara"]
[Black "Hubert, Charlotte"]
[Result "1/2-1/2"]
[WhiteElo "1916"]
[BlackElo "1671"]
[PlyCount "75"]
[EventDate "2022.??.??"]

1. d4 Nf6 2. c4 e6 3. Nf3 d5 4. e3 c6 5. Be2 Nbd7 6. O-O Bd6 7. Qc2 a6 8. b3 O-O 9. Nbd2 Re8 10. Bb2 dxc4 11. Nxc4 Bb8 12. Rad1 Qc7 13. e4 b5 14. Ne3 c5 15. e5 cxd4 16. Qxc7 Bxc7 17. Bxd4 Nd5 18. Rc1 Bb6 19. Nxd5 exd5 20. Bxb6 Nxb6 21. Rfe1 Bd7 22. Bd3 Rac8 23. Rc2 Rxc2 24. Bxc2 Rc8 25. Nd4 Be6 26. f4 g6 27. Kf2 Nd7 28. h3 h5 29. Re2 Kg7 30. f5 gxf5 31. Nxf5+ Kf8 32. Nd4 Ke7 33. Re3 h4 34. Bd3 Rc3 35. Ne2 Rc5 36. Nd4 Rc3 37. Ne2 Rc5 38. Nd4 1/2-1/2

[Event "FB22 2223 SK Lehrte - Hamburger SK II"]
[Site "?"]
[Date "2022.10.15"]
[Round "1.5"]
[White "Saynajakangas, Kirsi"]
[Black "Lossin, Charlotte"]
[Result "1/2-1/2"]
[WhiteElo "1622"]
[BlackElo "1531"]
[PlyCount "66"]
[EventDate "2022.??.??"]

1. d4 d5 2. Bf4 e6 3. e3 Bd6 4. Bg3 c6 5. c3 f5 6. Bxd6 Qxd6 7. Qh5+ g6 8. Qh4 Qe7 9. Qg3 Nf6 10. Nd2 Nbd7 11. Ngf3 Nh5 12. Qg5 Qxg5 13. Nxg5 Ndf6 14. Be2 h6 15. Ngf3 Nd7 16. Nh4 Kf7 17. O-O-O Nhf6 18. h3 a5 19. f4 b6 20. g4 Ba6 21. Bxa6 Rxa6 22. Rdg1 Raa8 23. gxf5 gxf5 24. Ng6 Rhg8 25. Ne5+ Nxe5 26. fxe5 Nd7 27. Nf3 Rxg1+ 28. Rxg1 Rg8 29. Rxg8 Kxg8 30. Ne1 b5 31. Nd3 Kf7 32. Nf4 Nb6 33. b3 Nd7 1/2-1/2

[Event "FB22 2223 SK Lehrte - Hamburger SK II"]
[Site "?"]
[Date "2022.10.15"]
[Round "1.6"]
[White "Flauss, Jessica"]
[Black "Reich, Kristina"]
[Result "1/2-1/2"]
[WhiteElo "1659"]
[BlackElo "1522"]
[PlyCount "105"]
[EventDate "2022.??.??"]

1. e4 c5 2. Nf3 e6 3. d4 cxd4 4. Nxd4 a6 5. Nc3 Qc7 6. Be2 b5 7. a3 Bb7 8. Qd3 Nf6 9. Bf3 Bc5 10. Nb3 Bb6 11. O-O O-O 12. Re1 Nc6 13. Bg5 Ne5 14. Qe2 Ne8 15. Be7 Nd6 16. Bxf8 Rxf8 17. Bg4 Ndc4 18. Nd1 Rc8 19. Bh3 Ba7 20. Rc1 Qd8 21. Kh1 Qh4 22. f3 Nxf3 23. gxf3 Qxh3 24. Qg2 Qh6 25. c3 Ne5 26. Rc2 Nd3 27. Rf1 Nf4 28. Qd2 d5 29. exd5 Bxd5 30. Nd4 Bc4 31. Rg1 Bb8 32. Ne3 Ne2 33. Rg2 Nf4 34. Ng4 Qh4 35. Rf2 h5 36. Ne3 Nd3 37. Rg2 Ne1 38. Rxg7+ Kxg7 39. Nef5+ exf5 40. Nxf5+ Kf8 41. Nxh4 Nxc2 42. Qxc2 Re8 43. Qh7 Re1+ 44. Kg2 Re2+ 45. Kg1 Ba7+ 46. Kh1 Re1+ 47. Kg2 Rg1+ 48. Kh3 Bf1+ 49. Ng2 Bxg2+ 50. Kg3 Bh1+ 51. Kf4 Bb8+ 52. Kf5 Ke7 53. Qxh5 1/2-1/2

[Event "FB22 2223 Delmenhorster SK - Elmshorner"]
[Site "?"]
[Date "2022.10.15"]
[Round "1.1"]
[White "Falke, Ornella"]
[Black "Miljkovic, Jovana"]
[Result "1/2-1/2"]
[WhiteElo "1953"]
[BlackElo "2050"]
[PlyCount "86"]
[EventDate "2022.??.??"]

1. d4 Nf6 2. c4 e6 3. g3 d5 4. Bg2 a6 5. Nf3 dxc4 6. a4 Nc6 7. O-O Be7 8. Na3 Na5 9. Qc2 Bd7 10. Nxc4 Nxc4 11. Qxc4 Bc6 12. a5 O-O 13. Rd1 Qd5 14. Qxd5 Bxd5 15. Bf4 Rac8 16. Rac1 c5 17. Bg5 h6 18. Bxf6 gxf6 19. dxc5 Bxc5 20. Nd2 Bd4 21. Bxd5 exd5 22. Rxc8 Rxc8 23. b3 Rc5 24. Ne4 dxe4 25. Rxd4 Rxa5 26. Rxe4 Rb5 27. b4 b6 28. Kg2 a5 29. bxa5 bxa5 30. Ra4 Kf8 31. Kf3 Ke7 32. Ke3 Kd6 33. Kd4 Kc6 34. Kc3 Rf5 35. f3 Kb5 36. Kb3 Re5 37. e4 f5 38. Rd4 fxe4 39. fxe4 Kc5 40. Rd7 Rxe4 41. Rxf7 Re5 42. Ka4 Kd4 43. g4 h5 1/2-1/2

[Event "FB22 2223 Delmenhorster SK - Elmshorner"]
[Site "?"]
[Date "2022.10.15"]
[Round "1.2"]
[White "Kickert, Germaine Helene"]
[Black "Fock, Sana"]
[Result "1-0"]
[WhiteElo "1973"]
[BlackElo "1796"]
[PlyCount "97"]
[EventDate "2022.??.??"]

1. e4 c5 2. Nf3 d6 3. d4 cxd4 4. Nxd4 Nf6 5. Nc3 a6 6. Be3 e5 7. Nb3 Be6 8. f3 Be7 9. Qd2 Nbd7 10. g4 b5 11. g5 Nh5 12. Ne2 Nb6 13. Ng3 Nf4 14. Bxf4 exf4 15. Nh5 O-O 16. Qd4 f6 17. Rg1 g6 18. Na5 Qc7 19. Nxf4 Na4 20. Nxe6 Qxa5+ 21. b4 Qb6 22. Qxb6 Nxb6 23. Nxf8 Rxf8 24. f4 fxg5 25. fxg5 d5 26. O-O-O dxe4 27. a3 Rf5 28. h4 e3 29. Rg3 Bd6 30. Rh3 Bf4 31. Be2 Nd5 32. Rf3 Nc3 33. Re1 Nd5 34. c4 Nc3 35. Kc2 Nxe2 36. Rxe2 bxc4 37. Re1 Kf7 38. Ref1 Be5 39. Rxf5+ gxf5 40. Rxf5+ Ke6 41. Rf3 Bd4 42. h5 Ke5 43. g6 hxg6 44. hxg6 Ke4 45. Rg3 Bg7 46. a4 c3 47. Rxe3+ Kf5 48. Rxc3 Kxg6 49. Rg3+ 1-0

[Event "FB22 2223 Delmenhorster SK - Elmshorner"]
[Site "?"]
[Date "2022.10.15"]
[Round "1.3"]
[White "Margaryan, Susanna"]
[Black "Moeller, Hannah"]
[Result "0-1"]
[WhiteElo "1434"]
[BlackElo "1758"]
[PlyCount "106"]
[EventDate "2022.??.??"]

1. Nf3 Nf6 2. d4 g6 3. c4 Bg7 4. Nc3 d6 5. Bf4 Nbd7 6. e4 c5 7. d5 a6 8. Qc2 Ng4 9. Be2 Nge5 10. Nxe5 Nxe5 11. O-O O-O 12. Qd2 f5 13. Bh6 e6 14. Bxg7 Kxg7 15. f4 Nf7 16. dxe6 Bxe6 17. exf5 Bxf5 18. Nd5 Nh6 19. Qc3+ Kg8 20. Rfe1 Be4 21. Bf3 Bxf3 22. Qxf3 Nf5 23. Qe4 b5 24. cxb5 axb5 25. Ne7+ Nxe7 26. Qxe7 Qxe7 27. Rxe7 Rxf4 28. Rd7 Rd4 29. Re1 Rf8 30. h3 Rf7 31. Rd8+ Kg7 32. Re6 Rd1+ 33. Kh2 Rd2 34. Rexd6 Rxb2 35. Rd2 Rxd2 36. Rxd2 Kf8 37. Kg3 Ke8 38. Rd5 Rf5 39. Rd6 c4 40. Rd2 Ke7 41. Rc2 Kd6 42. a4 Kc5 43. axb5 Kxb5 44. Rb2+ Ka4 45. Rb7 c3 46. Rxh7 Rc5 47. Ra7+ Kb3 48. Rb7+ Kc4 49. Rb1 c2 50. Rc1 Kd3 51. Kf3 Kd2 52. Rxc2+ Kxc2 53. g4 g5 0-1

[Event "FB22 2223 Delmenhorster SK - Elmshorner"]
[Site "?"]
[Date "2022.10.15"]
[Round "1.4"]
[White "Wollscheid, Stefanie"]
[Black "Neitzel, Emma"]
[Result "1-0"]
[WhiteElo "1670"]
[BlackElo "1123"]
[PlyCount "95"]
[EventDate "2022.??.??"]

1. e4 d5 2. exd5 Qxd5 3. Nc3 Qa5 4. Nf3 c6 5. a3 Nf6 6. b4 Qc7 7. Bb2 Bf5 8. Bc4 e6 9. h3 Bd6 10. Nh4 O-O 11. Nxf5 exf5 12. O-O Nbd7 13. Bd3 f4 14. Ne4 Be5 15. Bxe5 Qxe5 16. Re1 Qd4 17. Ng5 Ne5 18. Ne4 Nxd3 19. cxd3 Nxe4 20. Rxe4 Qxd3 21. Rxf4 Rad8 22. Ra2 Rfe8 23. Rf3 Qe2 24. Qb3 Qe6 25. Qc2 Qd6 26. Re3 Rxe3 27. fxe3 g6 28. d4 Qg3 29. Qf2 Qxf2+ 30. Kxf2 Kg7 31. Rc2 Rd5 32. Kf3 Kf6 33. Ke4 Ke6 34. Kd3 f5 35. Rf2 a5 36. Rb2 Rb5 37. Kc4 a4 38. Rf2 b6 39. Rf4 g5 40. Rf1 h6 41. h4 g4 42. Rf4 Kd6 43. e4 Ke6 44. d5+ cxd5+ 45. Kxb5 dxe4 46. Kc4 Ke5 47. g3 h5 48. b5 1-0

[Event "FB22 2223 Delmenhorster SK - Elmshorner"]
[Site "?"]
[Date "2022.10.15"]
[Round "1.5"]
[White "Margaryan, Sofia"]
[Black "Wenke, Andrea"]
[Result "1-0"]
[WhiteElo "1244"]
[BlackElo "1677"]
[PlyCount "123"]
[EventDate "2022.??.??"]

1. d4 d6 2. e4 g6 3. Nf3 Bg7 4. Nc3 Nf6 5. Bc4 O-O 6. O-O Bg4 7. h3 Bd7 8. Re1 c5 9. dxc5 dxc5 10. e5 Ne8 11. e6 Nd6 12. exf7+ Nxf7 13. Bxf7+ Rxf7 14. Ng5 Rf5 15. Ne6 Qb6 16. Nxg7 Kxg7 17. Rxe7+ Rf7 18. Rxf7+ Kxf7 19. Qf3+ Kg7 20. b3 Nc6 21. Bb2 Nd4 22. Nd5 Qd6 23. c4 Rf8 24. Qd3 Qe5 25. Bxd4 cxd4 26. f4 Qh5 27. Qxd4+ Kh6 28. Nf6 Rxf6 29. Qxf6 Qc5+ 30. Kh2 Qf2 31. Rd1 Bc6 32. Qg5+ Kg7 33. f5 Kf7 34. Rd2 Qe1 35. fxg6+ hxg6 36. Qf4+ Kg7 37. Qf2 Qe5+ 38. g3 Qe7 39. Qd4+ Kh6 40. Qh8+ Qh7 41. Qxh7+ Kxh7 42. Re2 a6 43. a4 Bf3 44. Rf2 Be4 45. g4 Kh6 46. Kg3 Bc6 47. h4 b5 48. g5+ Kg7 49. axb5 axb5 50. cxb5 Bxb5 51. b4 Bd7 52. Rd2 Bb5 53. Kg4 Kf7 54. h5 gxh5+ 55. Kxh5 Kg7 56. g6 Be8 57. Rd6 Bb5 58. Kg5 Be8 59. Rb6 Ba4 60. Rb7+ Kg8 61. Kh6 Bc6 62. Rb8+ 1-0

[Event "FB22 2223 SV Mülheim-Nord - SK Doppelb"]
[Site "?"]
[Date "2022.10.15"]
[Round "1.2"]
[White "Vogel, Heike"]
[Black "Staerk, Elisa"]
[Result "1-0"]
[WhiteElo "2124"]
[BlackElo "1942"]
[PlyCount "57"]
[EventDate "2022.??.??"]

1. d4 Nf6 2. Nf3 g6 3. Bf4 Bg7 4. Nbd2 O-O 5. e4 d6 6. Bc4 c6 7. Qe2 b5 8. Bd3 Bb7 9. g4 a6 10. h4 h5 11. gxh5 Nxh5 12. Bh2 c5 13. c3 cxd4 14. Nxd4 b4 15. Rg1 Nd7 16. e5 dxe5 17. Nf5 Nc5 18. Bc4 bxc3 19. bxc3 gxf5 20. Qxh5 Bd5 21. Rxg7+ Kxg7 22. Qg5+ Kh8 23. Qh6+ Kg8 24. O-O-O f6 25. Qg6+ Kh8 26. Qh6+ Kg8 27. Qg6+ Kh8 28. Qh5+ Kg8 29. Rg1# 1-0

[Event "FB22 2223 SV Mülheim-Nord - SK Doppelb"]
[Site "?"]
[Date "2022.10.15"]
[Round "1.3"]
[White "Rath, Alina"]
[Black "Kinzel, Tiffany"]
[Result "1-0"]
[WhiteElo "2062"]
[BlackElo "1791"]
[PlyCount "95"]
[EventDate "2022.??.??"]

1. c4 e6 2. g3 d5 3. Bg2 c6 4. Nf3 f5 5. O-O Nf6 6. d3 Bd6 7. Nc3 O-O 8. e4 Nbd7 9. Qe2 Qc7 10. cxd5 exd5 11. Nd4 Nb6 12. exf5 Be5 13. Ne6 Bxe6 14. fxe6 Rae8 15. Bh3 a6 16. f4 Bd6 17. f5 Nbd7 18. Kh1 c5 19. Qg2 Nb6 20. Bg5 Qc6 21. Rae1 h6 22. Bc1 Nc8 23. g4 d4 24. Ne4 Nxe4 25. Rxe4 Be7 26. Ree1 Qxg2+ 27. Bxg2 Nd6 28. Bf4 Rb8 29. Bd5 Rfe8 30. h4 b5 31. Bc6 Red8 32. Bd7 Rb7 33. Bg3 c4 34. g5 Ne8 35. Bxe8 Rxe8 36. f6 gxf6 37. gxf6 Bxf6 38. Rxf6 Rg7 39. Rf3 Rge7 40. Rf6 Rg7 41. Bd6 cxd3 42. e7 Rf7 43. Rg1+ Rg7 44. Rf8+ Kh7 45. Rxg7+ Kxg7 46. Rxe8 d2 47. Rg8+ Kh7 48. Rg1 1-0

[Event "FB22 2223 SV Mülheim-Nord - SK Doppelb"]
[Site "?"]
[Date "2022.10.15"]
[Round "1.4"]
[White "Stoer, Agnes"]
[Black "Gressmann, Hanna"]
[Result "0-1"]
[WhiteElo "1861"]
[BlackElo "1870"]
[PlyCount "84"]
[EventDate "2022.??.??"]

1. c4 c5 2. Nc3 Nf6 3. g3 e6 4. Bg2 d5 5. cxd5 exd5 6. d4 cxd4 7. Qxd4 Nc6 8. Qd1 Bb4 9. a3 Bxc3+ 10. bxc3 O-O 11. Nf3 Ne4 12. Qb3 Na5 13. Qb4 Nc6 14. Qb2 Qf6 15. Bd2 Ne5 16. O-O Nc4 17. Qc1 Ncxd2 18. Nxd2 Nxc3 19. Re1 Bf5 20. Nb3 Rac8 21. Qd2 Be4 22. Rac1 Bxg2 23. Kxg2 Ne4 24. Qe3 Rc3 25. Rxc3 Qxc3 26. Qxc3 Nxc3 27. e3 Rc8 28. Rc1 Kf8 29. Nd4 Rc4 30. f3 a6 31. Kf1 Nb5 32. Rxc4 dxc4 33. Nc2 Ke7 34. Ke1 Kd6 35. Kd2 Kc5 36. a4 Nc7 37. e4 b5 38. axb5 axb5 39. Kc3 b4+ 40. Kd2 Nb5 41. Ne3 b3 42. Nd1 Kd4 0-1

[Event "FB22 2223 SV Mülheim-Nord - SK Doppelb"]
[Site "?"]
[Date "2022.10.15"]
[Round "1.5"]
[White "Braeutigam, Katerina"]
[Black "Lebioda-Dette, Kordula"]
[Result "1-0"]
[WhiteElo "1873"]
[BlackElo "1689"]
[PlyCount "81"]
[EventDate "2022.??.??"]

1. e4 e5 2. Nf3 Nc6 3. Bb5 a6 4. Ba4 d6 5. O-O Bd7 6. c3 g6 7. Re1 Bg7 8. d4 Nf6 9. Bg5 O-O 10. Nbd2 Re8 11. Bc2 Qc8 12. Nf1 h6 13. Bh4 exd4 14. Nxd4 d5 15. Nxc6 Bxc6 16. Bxf6 Bxf6 17. Qf3 Bg7 18. exd5 Bd7 19. Bb3 Kh7 20. Qxf7 Rf8 21. Qe7 Bf5 22. Ng3 Kh8 23. Rac1 Bf6 24. Qe3 Bg5 25. f4 Bh4 26. Bc2 Qd7 27. Bxf5 gxf5 28. Qe6 Qg7 29. Nxf5 Rxf5 30. Qxf5 Bxe1 31. Rxe1 Rg8 32. Qe5 Kh7 33. Qxg7+ Rxg7 34. Kf2 Rd7 35. c4 c6 36. Rd1 cxd5 37. cxd5 Kg6 38. g4 Kf6 39. Kf3 Ke7 40. d6+ Ke6 41. h4 1-0

[Event "FB22 2223 SV Mülheim-Nord - SK Doppelb"]
[Site "?"]
[Date "2022.10.15"]
[Round "1.6"]
[White "Cipkis, Swetlana"]
[Black "Hielscher, Ursula"]
[Result "0-1"]
[WhiteElo "1702"]
[BlackElo "1692"]
[PlyCount "60"]
[EventDate "2022.??.??"]

1. e4 e6 2. d4 d5 3. exd5 exd5 4. Nf3 Bf5 5. Be2 Nf6 6. O-O h6 7. c3 Bd6 8. Qb3 b6 9. Ne5 O-O 10. Nd2 Re8 11. Bb5 Nbd7 12. Bc6 Nxe5 13. dxe5 Bxe5 14. Nf3 Bd3 15. Re1 Bxh2+ 16. Kh1 Rxe1+ 17. Nxe1 Bc4 18. Qd1 Ne4 19. Be3 Qh4 20. Nf3 Qd8 21. Bxa8 Bf4 22. Bxd5 Bxd5 23. Qe1 Bd6 24. b3 Qf6 25. c4 Bb7 26. Bd4 Qg6 27. Qe3 Qh5+ 28. Kg1 Ng5 29. Ne5 f6 30. g4 Qh1# 0-1

[Event "FB22 2223 SV 1920 Hofheim - Lübecker S"]
[Site "?"]
[Date "2022.10.15"]
[Round "1.1"]
[White "Braeutigam, Irina"]
[Black "Kushka, Alena"]
[Result "1/2-1/2"]
[WhiteElo "2006"]
[BlackElo "2130"]
[PlyCount "48"]
[EventDate "2022.??.??"]

1. e4 c5 2. d3 Nc6 3. f4 d5 4. e5 g6 5. Nf3 Bg7 6. Be2 Nh6 7. c3 d4 8. Na3 O-O 9. O-O f6 10. Qb3+ Kh8 11. Nc4 Qd5 12. cxd4 cxd4 13. Ncd2 Be6 14. Qxd5 Bxd5 15. exf6 exf6 16. b3 Rfe8 17. Re1 f5 18. Ba3 Ng4 19. Nc4 Bxc4 20. bxc4 Ne3 21. Rac1 Kg8 22. h3 Bf8 23. Bxf8 Kxf8 24. a3 Re7 1/2-1/2

[Event "FB22 2223 SV 1920 Hofheim - Lübecker S"]
[Site "?"]
[Date "2022.10.15"]
[Round "1.3"]
[White "Mundt, Alexandra"]
[Black "Kostiukova, Liubov"]
[Result "0-1"]
[WhiteElo "1777"]
[BlackElo "2226"]
[PlyCount "56"]
[EventDate "2022.??.??"]

1. e4 c6 2. d4 d5 3. e5 Bf5 4. Nc3 e6 5. g4 Bg6 6. Nge2 f6 7. Nf4 Bf7 8. h4 Nd7 9. exf6 gxf6 10. g5 e5 11. dxe5 fxe5 12. Nh5 Qe7 13. Bh3 Be6 14. Qf3 O-O-O 15. g6 Bxh3 16. Bg5 Qb4 17. Rxh3 hxg6 18. Bxd8 Kxd8 19. a3 Qxb2 20. Rb1 Qxc2 21. Rxb7 Rxh5 22. Qf7 Ngf6 23. Qe6 Rf5 24. Nd1 Bh6 25. Rhb3 Bd2+ 26. Kf1 Qxd1+ 27. Kg2 Qg4+ 28. Kf1 Rxf2+ 0-1

[Event "FB22 2223 SV 1920 Hofheim - Lübecker S"]
[Site "?"]
[Date "2022.10.15"]
[Round "1.4"]
[White "Lauterbach, Ingrid"]
[Black "Zech, Anna"]
[Result "1-0"]
[WhiteElo "2072"]
[BlackElo "1542"]
[PlyCount "41"]
[EventDate "2022.??.??"]

1. Nf3 d5 2. g3 c5 3. Bg2 Nc6 4. d3 g6 5. Nbd2 Nf6 6. O-O Bg7 7. e4 d4 8. Nb3 b6 9. Nh4 e5 10. f4 O-O 11. f5 Ne7 12. g4 Rb8 13. g5 Nc6 14. fxg6 Ng4 15. gxf7+ Rxf7 16. Rxf7 Kxf7 17. Nf5 Bxf5 18. exf5 e4 19. Qxg4 Ne5 20. Qh5+ Kg8 21. Bxe4 1-0

[Event "FB22 2223 SV 1920 Hofheim - Lübecker S"]
[Site "?"]
[Date "2022.10.15"]
[Round "1.5"]
[White "Boettcher, Elke"]
[Black "Buchholz, Maja"]
[Result "0-1"]
[WhiteElo "1734"]
[BlackElo "1765"]
[PlyCount "68"]
[EventDate "2022.??.??"]

1. c4 c5 2. Nc3 Nf6 3. Nf3 g6 4. d4 cxd4 5. Nxd4 Bg7 6. e3 O-O 7. Be2 Nc6 8. O-O d6 9. a3 Ne5 10. h3 Bd7 11. Bd2 Rc8 12. b3 a6 13. Rc1 Ne8 14. Nd5 e6 15. Nf4 Nc6 16. Nxc6 bxc6 17. Nd3 Qc7 18. Bc3 Nf6 19. Qd2 Ne4 20. Qb2 Nxc3 21. Rxc3 d5 22. cxd5 Bxc3 23. Qxc3 cxd5 24. Qxc7 Rxc7 25. Ne5 Bb5 26. Bxb5 axb5 27. Nf3 Ra7 28. Ra1 Rfa8 29. Nd4 Rxa3 30. Rb1 b4 31. Nc2 Ra2 32. Nxb4 Ra1 33. Rxa1 Rxa1+ 34. Kh2 Rb1 0-1

[Event "FB22 2223 Elmshorner SC - SK Lehrte"]
[Site "?"]
[Date "2022.10.16"]
[Round "2.1"]
[White "Manusina, Nicole"]
[Black "Falke, Ornella"]
[Result "1-0"]
[WhiteElo "2014"]
[BlackElo "1953"]
[PlyCount "73"]
[EventDate "2022.??.??"]

1. d4 d5 2. c4 e6 3. Nc3 Nf6 4. cxd5 exd5 5. Bg5 Be7 6. e3 O-O 7. Bd3 Nbd7 8. Qc2 Re8 9. Nge2 Nf8 10. O-O c6 11. f3 g6 12. Rad1 Ne6 13. Bh4 b5 14. Bf2 Bb7 15. h3 Rc8 16. Ng3 b4 17. Nce2 Qa5 18. b3 c5 19. dxc5 Nd7 20. Qd2 Bf6 21. Nd4 Ndxc5 22. Bb1 Nxd4 23. exd4 Ne6 24. f4 Nc7 25. f5 Nb5 26. fxg6 fxg6 27. Qf4 Rf8 28. Qg4 Rce8 29. Nh5 Nc3 30. Bxg6 Re7 31. Bxh7+ Kxh7 32. Qf5+ Kh8 33. Nxf6 Nxd1 34. Qh5+ Kg7 35. Qh7+ Kxf6 36. Bh4+ Ke6 37. Qxe7# 1-0

[Event "FB22 2223 Elmshorner SC - SK Lehrte"]
[Site "?"]
[Date "2022.10.16"]
[Round "2.2"]
[White "Fock, Sana"]
[Black "Yaghy, Ritta"]
[Result "1/2-1/2"]
[WhiteElo "1796"]
[BlackElo "2008"]
[PlyCount "48"]
[EventDate "2022.??.??"]

1. e4 c5 2. Nc3 d6 3. f4 Nc6 4. Nf3 e6 5. Bb5 a6 6. Bxc6+ bxc6 7. O-O Be7 8. d3 Bb7 9. Qe1 d5 10. f5 exf5 11. exf5 Nf6 12. Kh1 O-O 13. Ne2 Re8 14. Qd1 Qc8 15. Bd2 Bd6 16. Nfg1 Ng4 17. Ng3 Ne3 18. Bxe3 Rxe3 19. Rf3 Qe8 20. Qf1 Bxg3 21. hxg3 Rxf3 22. Nxf3 Qd7 23. Re1 f6 24. Qf2 d4 1/2-1/2

[Event "FB22 2223 Elmshorner SC - SK Lehrte"]
[Site "?"]
[Date "2022.10.16"]
[Round "2.3"]
[White "Edel, Fenja"]
[Black "Margaryan, Susanna"]
[Result "1-0"]
[WhiteElo "1718"]
[BlackElo "1434"]
[PlyCount "53"]
[EventDate "2022.??.??"]

1. e4 c5 2. Nc3 e6 3. f4 d5 4. Bb5+ Nc6 5. Bxc6+ bxc6 6. d3 Ba6 7. Nf3 Nf6 8. e5 Nd7 9. O-O c4 10. d4 c5 11. Be3 cxd4 12. Bxd4 Bc5 13. Bxc5 Nxc5 14. Nd4 Qb6 15. Rb1 Rd8 16. Kh1 h5 17. f5 Ke7 18. Qd2 f6 19. exf6+ gxf6 20. fxe6 Ne4 21. Nxe4 dxe4 22. c3 Bb7 23. Qf4 Rdf8 24. Rbd1 Ba8 25. Nf5+ Ke8 26. Ng7+ Ke7 27. Rd7# 1-0

[Event "FB22 2223 Elmshorner SC - SK Lehrte"]
[Site "?"]
[Date "2022.10.16"]
[Round "2.4"]
[White "Neitzel, Emma"]
[Black "Wilmink, Anna"]
[Result "0-1"]
[WhiteElo "1123"]
[BlackElo "1702"]
[PlyCount "70"]
[EventDate "2022.??.??"]

1. d4 Nf6 2. Nf3 d5 3. Bf4 c5 4. c3 e6 5. a3 Nc6 6. Nbd2 c4 7. Bg5 Be7 8. Bxf6 Bxf6 9. e4 b5 10. e5 Be7 11. b4 Bd7 12. Be2 O-O 13. O-O f6 14. Rc1 fxe5 15. dxe5 Qc7 16. Re1 Rf5 17. Nd4 Nxd4 18. cxd4 a5 19. Bd3 Rf4 20. Nf3 Qb7 21. Bb1 axb4 22. axb4 Bxb4 23. Re2 Ba3 24. Rcc2 b4 25. Re3 b3 26. Rcc3 Bb4 27. Rc1 b2 28. Rc2 Ba4 29. Ng5 Bxc2 30. Qxc2 g6 31. Nxe6 Rf7 32. Qxb2 c3 33. Qc2 Qe7 34. Nc5 Bxc5 35. dxc5 d4 0-1

[Event "FB22 2223 Elmshorner SC - SK Lehrte"]
[Site "?"]
[Date "2022.10.16"]
[Round "2.5"]
[White "Michalek, Barbara"]
[Black "Margaryan, Sofia"]
[Result "1-0"]
[WhiteElo "1916"]
[BlackElo "1244"]
[PlyCount "61"]
[EventDate "2022.??.??"]

1. d4 d5 2. c4 e6 3. Nc3 Nf6 4. Nf3 b6 5. cxd5 exd5 6. Bg5 Be7 7. e3 O-O 8. Bd3 Bb7 9. O-O h6 10. Bh4 Ne4 11. Bxe7 Qxe7 12. Rc1 Nd7 13. h3 a6 14. Bb1 f5 15. Ne2 Rac8 16. Nf4 Qd6 17. Nd3 a5 18. Nde5 Nxe5 19. Nxe5 c5 20. f3 Ng5 21. Qd2 cxd4 22. exd4 Rxc1 23. Rxc1 f4 24. a3 Ne6 25. Qd3 Rb8 26. Qh7+ Kf8 27. Qf5+ Ke7 28. Ng6+ Ke8 29. Re1 Kd7 30. Qf7+ Kd8 31. Rxe6 1-0

[Event "FB22 2223 Hamburger SK II - Delmenhorst"]
[Site "?"]
[Date "2022.10.16"]
[Round "2.1"]
[White "Miljkovic, Jovana"]
[Black "Rogozenco, Teodora"]
[Result "0-1"]
[WhiteElo "2050"]
[BlackElo "1950"]
[PlyCount "82"]
[EventDate "2022.??.??"]

1. Nf3 d5 2. d4 c5 3. c4 cxd4 4. cxd5 Qxd5 5. Nc3 Qa5 6. Nxd4 Nf6 7. Bd2 Qd8 8. Bf4 a6 9. e4 g6 10. Qa4+ Bd7 11. Qb3 Nc6 12. Bc4 e6 13. Nxc6 Bxc6 14. Rd1 Qc8 15. Be5 Bg7 16. Qb4 Bf8 17. Qb6 Nd7 18. Rxd7 Bxd7 19. Bxe6 Bxe6 20. Bxh8 Bc5 21. Qa5 b6 22. Qa4+ Qd7 23. Qc2 O-O-O 24. Bf6 Qd3 25. Qxd3 Rxd3 26. h4 h5 27. Be5 Bg4 28. a3 Kb7 29. Bf6 Be6 30. Bg5 Bc4 31. Bf6 Rd7 32. Rh3 Be6 33. Rh1 Rd3 34. Be5 Bg4 35. Bf6 Bf8 36. Be5 Bh6 37. f3 Be6 38. Nd5 Bxd5 39. exd5 Re3+ 40. Kf2 Rxe5 41. Rd1 Kc7 0-1

[Event "FB22 2223 Hamburger SK II - Delmenhorst"]
[Site "?"]
[Date "2022.10.16"]
[Round "2.3"]
[White "Kickert, Germaine Helene"]
[Black "Hubert, Charlotte"]
[Result "0-1"]
[WhiteElo "1973"]
[BlackElo "1671"]
[PlyCount "70"]
[EventDate "2022.??.??"]

1. e4 c5 2. Nf3 d6 3. d4 cxd4 4. Nxd4 Nf6 5. Nc3 a6 6. Be3 e5 7. Nf3 Be7 8. Bg5 Be6 9. Bxf6 Bxf6 10. Nd5 Bxd5 11. Qxd5 Nc6 12. Bc4 O-O 13. a4 Qb6 14. O-O Na5 15. Ba2 Rac8 16. c3 Rc5 17. Qd2 Nc4 18. Qe2 Qc7 19. Bxc4 Rxc4 20. Nd2 Rc6 21. Rfd1 Bd8 22. Nf1 Qc8 23. Ne3 Qe6 24. Nd5 f5 25. exf5 Rxf5 26. Qe4 Qf7 27. Nb4 Rc4 28. Qd5 Bb6 29. Qxf7+ Kxf7 30. Rd2 Rcf4 31. Rf1 e4 32. Nd5 e3 33. Rd4 exf2+ 34. Kh1 Rxd4 35. Ne3 Rdf4 0-1